| 000 | 00543nam a2200169 a 4500 | ||
|---|---|---|---|
| 001 | ASIN033337150X | ||
| 005 | 20150821084300.0 | ||
| 008 | 150820s1984 xxu eng d | ||
| 020 | _a033337150X (paperback) | ||
| 020 | _a9780333371503 (paperback) | ||
| 100 | 1 | _aGoodger, E.M. | |
| 245 | 1 | 0 |
_aPrinciples of engineering thermodynamics / _cE.M. Goodger. |
| 250 | _a2nd ed. | ||
| 260 |
_a[S.l.] : _bPalgrave Macmillan, _c1984. |
||
| 300 | _a256 p. | ||
| 856 | 4 | 0 |
_3Amazon.com _uhttp://www.amazon.com/exec/obidos/ASIN/033337150X/chopaconline-20 |
| 999 |
_c13778 _d13778 |
||